Responses for show #4168 - Wednesday, October 16, 2002

(Sarah: In a few minutes, we'll be on the town in Chicago -- stay tuned!)

Contestants

Kristen Jacek, a credit administration manager from Irving, Texas

Tom McDermott, a municipal court magistrate from Bowling Green, Ohio

Henry Quillen, a teacher from Atlanta, Georgia (whose 2-day cash winnings total $43,402)

Jeopardy! Round responses

NAME THE YEAR
PAPER
5-LETTER BIRDS
JEAN-CLAUDE VAN DAMME
BODY SHOTS
THE ROSES
    $200 11
1961

Tom
    $200 1
a paper bag over his head

Tom
    $200 6
goose

Tom
    $200 26
Sudden Death

Kristen
    $200 21
in the foot

Tom
    $200 16
julep

Henry
    $400 12
(Kristen: What is 1994?)

1990

TomKristen
    $400 2
litmus paper

Kristen
    $400 7
(Kristen: What is a crane?)
(Tom: What is an egret?)

stork

TomKristen
Triple Stumper
    $400 27
Predator

Kristen
    $400 22
the hip

Henry
    $400 17
Robert Burns

Tom
    $600 13
1948

Tom
    $600 3
accordion fold

Kristen
    $600 8
snipe

Tom
    $600 28
"The Muscles from Brussels"

Triple Stumper
    $600 23
the arm

Henry
    $600 18
Charlie Rose

Henry
    $800 14
1970

Tom
    $800 4
(Tom: What is ditto paper?)

carbon paper

HenryTom
    $1,000 9
heron

Tom
    $800 29
John Woo

Tom
    $800 24
your mouth

Tom
    $800 19
Wars of the Roses

Kristen
    $1000 15
(Kristen: What is 1921?)

1920

TomKristen
    $1000 5
hemp

Tom
    $1000 10
finch

Henry
    $1000 30
Timecop

Triple Stumper
    $1000 25
when you see the whites of their eyes

Tom
    $1000 20
(Henry: What is "The Purple Rose of Cairo?")

Broadway Danny Rose

Henry
Triple Stumper

Scores at the first commercial break (after clue 15):

Henry Tom Kristen
$1,800 $4,800 -$800

Scores at the end of the Jeopardy! Round:

Henry Tom Kristen
$2,600 $8,000 $600

Double Jeopardy! Round responses

A CHICAGO TOUR
POLITICALLY CORRECT MUSICALS?
CHILDREN'S LIT
PRESIDENTIAL ETYMOLOGY
MR. BILL
"O" NO!
    $400 1
pizza

Kristen
    $400 21
Oliver

Kristen
    $400 26
Dr. Seuss

Kristen
    $400 6
Harry S. Truman

Tom
    $400 11
(Kristen: Who is Wild Bill Hickok?)

Buffalo Bill Cody

HenryKristen
    $400 12
Old Maid

Kristen
    $800 2
Wrigley Building

Tom
    $800 22
Peter Pan

Henry
    $800 27
Pippi Longstocking

Kristen
    $800 7
Abraham Lincoln

Tom
    $800 17
Bill Haley and the Comets

Kristen
    $800 13
the owl

Henry
    $1200 3
(Kristen: What is "Atomic Energy?")

"Nuclear Energy"

TomKristen
    $1200 23
Annie Get Your Gun

Kristen
    $1200 28
"The Very Hungry Caterpillar"

Triple Stumper
    $1200 8
Benjamin Harrison

Tom
    $1200 18
Bill Blass

Tom
    $1200 14
obedience

Henry
    $1600 4
Lake Shore Drive

Kristen
    $1600 24
The Best Little Whorehouse in Texas

Tom
    $1600 29
"It's Me, Margaret"

Kristen
    $1600 9
Woodrow Wilson

Triple Stumper
    $5,000 19
Bill Bradley

Tom
    $1600 15
Odin

Tom
    $2000 5
Chicago Mercantile Exchange

Henry
    $2000 25
Carousel

Tom
    $4,000 30
(Kristen: I'm afraid I don't know.)

"Kidnapped"

Kristen
    $2000 10
(Tom: Who is Thomas Jefferson?)

James Monroe

Tom
Triple Stumper
    $2000 20
(Tom: Who is Bill Moyer?)

Bill Moyers

Tom
Triple Stumper
    $2000 16
octane

Henry

Scores at the end of the Double Jeopardy! Round:

Henry Tom Kristen
$9,800 $19,800 $2,600
(lock game)

[wagering suggestions for these scores]

Final Jeopardy! Round responses

FAMOUS AMERICANS
(Alex: If I'm not mistaken, he was the greatest athlete of the first half of the 20th century & probably the whole century.)
KristenWho was Lombardi?
$2,600
HenryWho is Rozelle?
$3,000
TomWho was Jim Thorpe?
$100
Jim Thorpe

Final scores:

Henry Tom Kristen
$6,800 $19,900 $0
2nd place: $2,000 New champion: $19,900 3rd place: $1,000

Game dynamics:

Coryat scores:

Henry Tom Kristen
$9,800 $16,200 $6,600
12 R,
1 W
25 R
(including 2 DDs),
4 W
14 R,
6 W
(including 1 DD)

Combined Coryat: $32,600

The J! Archive is created by fans, for fans. The Jeopardy! game show and all elements thereof, including but not limited to copyright and trademark thereto, are the property of Jeopardy Productions, Inc. and are protected under law. This website is not affiliated with, sponsored by, or operated by Jeopardy Productions, Inc. Join the discussion at JBoard.tv.